000 00520nam a2200157Ia 4500
003 Ost
005 20260507075702.0
008 260507s9999||||xx |||||||||||||| ||und||
040 _cfsecg
041 _aara
100 _aدومينيك، سالقاتور
_eمؤلف
245 0 _aالاحصاء و الاقتصاد القياسي /
_c سالقاتور دومينيك
260 _aالقاهرة:
_bالدار الدولية للاستثمارات الثقافية,
_c2001
300 _a صفحة؛
942 _cكتاب
999 _c45855
_d45855